Olivares Valdivia: fotografía y sociedad en Copiapó, 1909-1948.

Guardat en:
Dades bibliogràfiques
Autor principal: Martínez Labarca, Boris (autor)
Altres autors: Salgado Tello, Samuel (autor)
Format: Llibre
Idioma:espanyol
anglès
Publicat: Santiago, Chile: Pehuén Editores, Centro Nacional del Patrimonio Fotográfico, 2006.
Edició:Primera edición
Col·lecció:Historia de la Fotografía en Chile.
Matèries:
Etiquetes: Afegir etiqueta
Sense etiquetes, Sigues el primer a etiquetar aquest registre!

MARC

LEADER 00000cam a2200000 a 4500
001 UCC8845
003 CL-VaPUC
005 20241021164717.0
008 241021t2006 ||||| |||| 00| 0 eng d
999 |c 375094  |d 375092 
020 |a 956-16-0405-1 
040 |c Pontificia Universidad Católica de Valparaíso 
041 0 7 |a spa  |2 CL-VaPUC 
041 0 7 |a eng  |2 CL-VaPUC 
082 0 4 |a 770.83143 MAR 2006  |2 21 
100 |a Martínez Labarca, Boris  |e autor  |9 603574 
245 1 0 |a Olivares Valdivia: fotografía y sociedad en Copiapó, 1909-1948. 
250 |a Primera edición 
260 |a Santiago, Chile:  |b Pehuén Editores,   |b Centro Nacional del Patrimonio Fotográfico,  |c 2006. 
300 |a 119 páginas :  |b  fotografías 
490 0 |a Historia de la Fotografía en Chile. 
500 |a c. Fondo Budge. Donación profesor Sr. Eduardo Cavieres. 05-08-2019. Estimado profesor, Muchas gracias!! para la ayuda y el tiempo dedicado. Saludos Samuel, Stgo, 12 de Mayo 2006. 
583 |a last modification  |c 20190823 13:21:00  |k Rodrigo Vera 
650 0 |a Fotografía de personas  |2 CL-VaPUC  |9 545415  |z Copiapó 
700 |a Salgado Tello, Samuel  |e autor  |9 603575 
942 |c BK  |2 ddc 
945 |d 20190823 13:21:00  |a dcastane 
952 |0 0  |1 0  |3 erb  |4 0  |6 770_831430000000000_MAR_2006_2006  |7 0  |8 X  |9 493983  |a FDOBUD  |b FDOBUD  |i 5596440  |o 770.83143 MAR 2006 2006  |p 5596440  |r 2019-11-24  |w 2019-11-24  |y BK_X  |z Catalogado en:20190823  |k BUD